<?xml version="1.0" encoding="UTF-8"?>
<record
    xmlns:xsi="http://www.w3.org/2001/XMLSchema-instance"
    xsi:schemaLocation="http://www.loc.gov/MARC21/slim http://www.loc.gov/standards/marcxml/schema/MARC21slim.xsd"
    xmlns="http://www.loc.gov/MARC21/slim">

  <leader>01634nam a22002655i 4500</leader>
  <controlfield tag="001">153734</controlfield>
  <controlfield tag="003">ES-MaACL</controlfield>
  <controlfield tag="005">20250827062628.0</controlfield>
  <controlfield tag="008">970818s1890    sp           |||| | spa d</controlfield>
  <datafield tag="040" ind1=" " ind2=" ">
    <subfield code="a">CLM </subfield>
    <subfield code="b">spa </subfield>
    <subfield code="c">CLM</subfield>
  </datafield>
  <datafield tag="110" ind1="1" ind2=" ">
    <subfield code="a">Espa&#xF1;a</subfield>
    <subfield code="9">3622</subfield>
  </datafield>
  <datafield tag="240" ind1="1" ind2="0">
    <subfield code="a">[Leyes, etc. de minas]</subfield>
  </datafield>
  <datafield tag="245" ind1="1" ind2="3">
    <subfield code="a">La legislaci&#xF3;n minera </subfield>
    <subfield code="b">: colecci&#xF3;n completa de leyes, reglamentos, reales &#xF3;rdenes y dem&#xE1;s resoluciones complementarias dictadas para su ejecuci&#xF3;n, de la jurisprudencia civil, administrativa y contenciosa y de cuantas disposiciones se refieren &#xE1; la adquisici&#xF3;n, explotaci&#xF3;n, desag&#xFC;e y tributaci&#xF3;n de las minas / </subfield>
    <subfield code="c">compilada y anotada y con una introducci&#xF3;n expositivo-cr&#xED;tica de los sistemas acerca del fundamento de esta propiedad, &#xE9; historia de nuestra legislaci&#xF3;n minera por Ram&#xF3;n S&#xE1;nchez de Oca&#xF1;a y M&#xE1;ximo S&#xE1;nchez de Oca&#xF1;a.</subfield>
  </datafield>
  <datafield tag="260" ind1=" " ind2=" ">
    <subfield code="a">Madrid : </subfield>
    <subfield code="b">[s.n.], </subfield>
    <subfield code="c">1890 (</subfield>
    <subfield code="f">Imprenta de Enrique Maroto y hermano)</subfield>
  </datafield>
  <datafield tag="300" ind1=" " ind2=" ">
    <subfield code="a">702 p. ; </subfield>
    <subfield code="c">24 cm.</subfield>
  </datafield>
  <datafield tag="490" ind1="1" ind2=" ">
    <subfield code="a">Manual del abogado y del ingeniero de minas</subfield>
  </datafield>
  <datafield tag="530" ind1=" " ind2=" ">
    <subfield code="a">Disponible en formato digital.</subfield>
  </datafield>
  <datafield tag="650" ind1=" " ind2=" ">
    <subfield code="a">Minas-</subfield>
    <subfield code="x">Derecho y legislaci&#xF3;n-</subfield>
    <subfield code="z">Espa&#xF1;a.</subfield>
    <subfield code="9">175982</subfield>
  </datafield>
  <datafield tag="700" ind1="1" ind2=" ">
    <subfield code="a">S&#xE1;nchez de Oca&#xF1;a, Ram&#xF3;n.</subfield>
    <subfield code="9">102594</subfield>
  </datafield>
  <datafield tag="700" ind1="1" ind2=" ">
    <subfield code="a">S&#xE1;nchez de Oca&#xF1;a, M&#xE1;ximo.</subfield>
    <subfield code="9">133027</subfield>
  </datafield>
  <datafield tag="830" ind1="0" ind2=" ">
    <subfield code="a">Manual del abogado y del ingeniero de minas</subfield>
    <subfield code="9">221438</subfield>
  </datafield>
  <datafield tag="852" ind1=" " ind2=" ">
    <subfield code="a">ES-MaACL</subfield>
    <subfield code="j">B-7983 </subfield>
    <subfield code="z">-- Enc. hol. </subfield>
    <subfield code="z">-- Sello de la Direccion Genral de Agricultura, Industria y Comercio, Servicio Estad&#xED;stico Minero </subfield>
    <subfield code="z">Legado de Federico de Botella y de Hornos</subfield>
  </datafield>
  <datafield tag="856" ind1=" " ind2=" ">
    <subfield code="u">http://bdh-rd.bne.es/viewer.vm?id=0000045549&amp;page=1 </subfield>
    <subfield code="z">Biblioteca Digital Hisp&#xE1;nica</subfield>
  </datafield>
  <datafield tag="999" ind1=" " ind2=" ">
    <subfield code="c">153734</subfield>
    <subfield code="d">153734</subfield>
  </datafield>
  <datafield tag="952" ind1=" " ind2=" ">
    <subfield code="0">0</subfield>
    <subfield code="1">0</subfield>
    <subfield code="4">0</subfield>
    <subfield code="7">0</subfield>
    <subfield code="8">Colecci&#xF3;n_digital</subfield>
    <subfield code="a">ATENEOM</subfield>
    <subfield code="b">ATENEOM</subfield>
    <subfield code="c">SPB</subfield>
    <subfield code="d">2008-01-17</subfield>
    <subfield code="e">SSC</subfield>
    <subfield code="l">0</subfield>
    <subfield code="o">B-7983</subfield>
    <subfield code="p">1160720</subfield>
    <subfield code="r">2023-02-23 00:00:00</subfield>
    <subfield code="w">2023-02-23</subfield>
    <subfield code="y">MONANT</subfield>
  </datafield>
</record>
